000 00950nam a22002537a 4500
999 _c21651
_d21651
003 AR-CdUCM
008 190319b ||||| |||| 00| 0 spa d
020 _a9786124041532
040 _aMUNICIPALIDAD PROVINCIAL DEL CUSCO
_cBIBLIOTECA MUNICIPAL DEL CUSCO
082 _a612.3/B61
_bB61
100 _aBlanco de Alvarado Ortíz, Teresa
_945673
245 _aAlimentación y nutrición :
_bfundamentos y nuevos criterios /
_cTeresa Blanco de Alvarado-Ortiz
260 _aLima ;
_bUniversidad Peruana de Ciencias Aplicadas,
_c2012.
300 _a333 [4] Páginas. :
_bilustraciones en color ;
_c23 cm.
500 _zIncluye referencias bibliográficas
_atexto a dos columnas
650 _aNutrición
_92384
650 _aDigestión
_941475
650 _aAlimentación
_919429
650 _aDietética
_945674
650 _aInvestigación.
_91940
710 _aUniversidad Peruana de Ciencias Aplicadas
_945331
942 _2ddc
_cLIBROS
945 _aRoel